01146cas a22003137a 450000500170000000800410001701000100005801100100006802200140007803500100009224501140010226001270021630000070034331000150035036200190036559000410038459000410042559000410046659000420050765000740054965000500062386600340067386600220070786600340072986600220076390100070078590500230079299900170081520220329142325.0000626 mx q p rnn 0 b1spa d a81717 a82689 a0185-0903 a9319000aClasec/por Universidad Nacional Autónoma de Mëxico. Centro de Información Científica y Humanística0 aMéxico, D. F. :bUniversidad Nacional Autónoma de Mëxico. Centro de Información Científica y Humanística,c19- av. aTrimestral av.20 n.4, 1996 aBATCH-UPDb10c20130110lUCH01h2336 aBATCH-UPDb10c20130410lUCH01h1625 aBATCH-UPDb10c20130914lUCH01h0938 aCONVERSIONb10c20130109lUCH01h134514aCiencias socialesxBibliografíaxPublicaciones periódicas.92321624aHumanismoxPublicaciones periódicas.956861 av.11 n.3-v.12 n.1 (1987-1988) av.12 n.3-4 (1988) av.13 n.2-v.19 n.3 (1989-1995) av.20 n.2,4 (1996) aSE aLilia Sánchez G. c81717d81717